[Event "26.ChessOrg Schachfestival"]
[Site "Bad Wörishofen"]
[Date "2010.03.06"]
[Round "1.1"]
[White "Rozentalis, Eduardas"]
[Black "Marotzke, Stefan"]
[Result "1-0"]
[WhiteElo "2628"]
[BlackElo "2043"]
[PlyCount "65"]
[EventDate "2010.??.??"]
[WhiteTeam "SC Schwarz-Weiß Northeim"]
[BlackTeam "SK Zehlendorf e.V."]

1. e4 d5 2. exd5 Nf6 3. d4 Nxd5 4. Nf3 g6 5. h3 Bg7 6. Bc4 c6 7. O-O O-O 8. Re1
Nd7 9. Bb3 N7f6 10. c4 Nb6 11. Nc3 h6 12. Qe2 Re8 13. Bf4 g5 14. Be5 Bf5 15.
Rad1 e6 16. Nh2 Qd7 17. Ng4 Nxg4 18. hxg4 Bg6 19. Ne4 Qe7 20. Nd6 Rf8 21. c5
Nd5 22. Bxg7 Kxg7 23. Bxd5 cxd5 24. Qe5+ Qf6 25. Nxb7 Qxe5 26. dxe5 Rab8 27. c6
Rfc8 28. Rc1 Rc7 29. b4 Bd3 30. a4 a6 31. Nc5 Bc4 32. Rxc4 dxc4 33. Nxa6 1-0

[Event "26.ChessOrg Schachfestival"]
[Site "Bad Wörishofen"]
[Date "2010.03.06"]
[Round "1.2"]
[White "Eichner, Manfred"]
[Black "Burmakin, Vladimir"]
[Result "0-1"]
[WhiteElo "2041"]
[BlackElo "2604"]
[PlyCount "54"]
[EventDate "2010.??.??"]
[WhiteTeam "SK 1908 Göggingen"]

1. d4 d5 2. Nf3 c6 3. g3 Bf5 4. Bg2 e6 5. O-O Nf6 6. c4 Nbd7 7. Nbd2 h6 8. b3
Be7 9. Bb2 O-O 10. Rc1 a5 11. a3 Qb6 12. Ne5 Rfd8 13. Ndf3 Be4 14. Nxd7 Nxd7
15. c5 Qa6 16. Re1 b6 17. cxb6 Qxb6 18. Rc3 c5 19. e3 Bf6 20. dxc5 Nxc5 21. Nd4
e5 22. Bxe4 dxe4 23. Rxc5 Qxc5 24. Qh5 g6 25. Ne6 Qd6 26. Qxh6 Qxe6 27. h4 Qg4
0-1

[Event "26.ChessOrg Schachfestival"]
[Site "Bad Wörishofen"]
[Date "2010.03.06"]
[Round "1.4"]
[White "Von Saldern, Rüdiger"]
[Black "Luther, Thomas"]
[Result "0-1"]
[WhiteElo "2033"]
[BlackElo "2559"]
[PlyCount "80"]
[EventDate "2010.??.??"]
[WhiteTeam "SF Starnberger See e.V."]
[BlackTeam "SV Empor Erfurt"]

1. d4 Nf6 2. Nf3 e6 3. Bg5 b6 4. e3 Bb7 5. Bd3 d6 6. O-O Nbd7 7. Nbd2 h6 8. Bh4
g5 9. Bg3 Nh5 10. e4 g4 11. Ne1 Nxg3 12. fxg3 h5 13. Qe2 Qg5 14. Rd1 Bh6 15. c3
Qe3+ 16. Kh1 Qxe2 17. Bxe2 Bxd2 18. Rxd2 Bxe4 19. Nd3 Bxd3 20. Bxd3 Ke7 21. Bb5
Raf8 22. Rdf2 Nb8 23. h3 c6 24. Bd3 Nd7 25. Be4 d5 26. Bc2 f5 27. Re1 Kd6 28.
Rfe2 Rf6 29. Kg1 b5 30. Kf2 Rg6 31. h4 c5 32. Bd3 Rb8 33. b4 cxd4 34. cxd4 a6
35. Ke3 Rc8 36. Rc2 Rxc2 37. Bxc2 Rg8 38. Kf4 Nb8 39. a3 Nc6 40. Rd1 Nxd4 0-1

[Event "26.ChessOrg Schachfestival"]
[Site "Bad Wörishofen"]
[Date "2010.03.06"]
[Round "1.5"]
[White "Teske, Henrik"]
[Black "Spanton, Tim"]
[Result "1-0"]
[WhiteElo "2553"]
[BlackElo "2030"]
[PlyCount "39"]
[EventDate "2010.??.??"]
[WhiteTeam "SC 1950 Remagen"]
[BlackTeam "Hastings"]

1. d4 d5 2. c4 e6 3. Nf3 Nf6 4. Nc3 c5 5. g3 dxc4 6. Bg2 cxd4 7. Qxd4 Qxd4 8.
Nxd4 Be7 9. Ndb5 Na6 10. Be3 O-O 11. O-O-O Bc5 12. Bxc5 Nxc5 13. Rd4 a6 14. Nd6
Rd8 15. Rhd1 Nd3+ 16. exd3 e5 17. Nxc8 exd4 18. Ne7+ Kf8 19. Ncd5 Rd7 20. Nb6
1-0

[Event "26.ChessOrg Schachfestival"]
[Site "Bad Wörishofen"]
[Date "2010.03.06"]
[Round "1.7"]
[White "Nyzhnyk, Illya"]
[Black "Wörl, Richard"]
[Result "1-0"]
[WhiteElo "2544"]
[BlackElo "2026"]
[PlyCount "77"]
[EventDate "2010.??.??"]
[WhiteTeam "Kiew"]
[BlackTeam "SW Nürnberg Süd"]

1. e4 c5 2. Nf3 Nc6 3. d4 cxd4 4. Nxd4 e5 5. Nb5 d6 6. c4 a6 7. N5c3 Nf6 8. f3
Be7 9. Be3 O-O 10. Na3 Be6 11. Nc2 Rc8 12. Nd5 Nd7 13. Qd2 f5 14. exf5 Bxf5 15.
Bd3 Bxd3 16. Qxd3 Bg5 17. O-O Bxe3+ 18. Ndxe3 Nf6 19. Rad1 Qa5 20. a3 Rfd8 21.
b4 Qc7 22. Nf5 d5 23. cxd5 Nxd5 24. Qc4 Qf7 25. Qg4 Qf8 26. Nh6+ Kh8 27. Rxd5
Rxd5 28. Qe6 gxh6 29. Qxd5 Rd8 30. Qe4 Rd2 31. Ne3 Qd8 32. Qf5 Kg7 33. Kh1 Qg5
34. Qc8 Nd8 35. Qc3 Re2 36. f4 Qf6 37. fxe5 Qe6 38. Nf5+ Kh8 39. Qd3 1-0

[Event "26.ChessOrg Schachfestival"]
[Site "Bad Wörishofen"]
[Date "2010.03.06"]
[Round "1.8"]
[White "Lucas, Olav"]
[Black "Rusev, Krasimir"]
[Result "0-1"]
[WhiteElo "2024"]
[BlackElo "2543"]
[PlyCount "44"]
[EventDate "2010.??.??"]
[WhiteTeam "Zukertort Amstelveen"]

1. e4 c5 2. Nc3 Nc6 3. f4 g6 4. Nf3 Bg7 5. Bb5 Nd4 6. O-O Nxb5 7. Nxb5 d6 8. d3
b6 9. c3 Qd7 10. Na3 Bb7 11. Qe2 e6 12. Bd2 Ne7 13. Rae1 O-O-O 14. Nc4 Ba6 15.
Ng5 Nc6 16. f5 exf5 17. d4 Kb7 18. Bf4 h6 19. Nh3 Rhe8 20. Nxd6+ Qxd6 21. Qc2
Qd7 22. dxc5 Bxf1 0-1

[Event "26.ChessOrg Schachfestival"]
[Site "Bad Wörishofen"]
[Date "2010.03.06"]
[Round "1.9"]
[White "Guggenberger, Guido"]
[Black "Mainka, Romuald"]
[Result "0-1"]
[WhiteElo "2023"]
[BlackElo "2510"]
[PlyCount "44"]
[EventDate "2010.??.??"]
[WhiteTeam "Tarrasch-München"]
[BlackTeam "SC 1950 Remagen"]

1. d4 f5 2. Nf3 d6 3. Nc3 Nf6 4. Bg5 d5 5. e3 e6 6. Bd3 Be7 7. Bxf6 Bxf6 8. h3
c5 9. b3 Nc6 10. Ne2 O-O 11. c3 Qe7 12. Qc2 Bd7 13. g4 Rac8 14. gxf5 e5 15.
dxe5 Nxe5 16. Nxe5 Qxe5 17. O-O-O b5 18. Nf4 Bc6 19. Ne6 Rf7 20. Nxc5 a5 21.
Rhe1 Be8 22. b4 Qxc3 0-1

[Event "26.ChessOrg Schachfestival"]
[Site "Bad Wörishofen"]
[Date "2010.03.06"]
[Round "1.10"]
[White "Karpatchev, Alexandr"]
[Black "Van Eck, Ted"]
[Result "1-0"]
[WhiteElo "2483"]
[BlackElo "2019"]
[PlyCount "55"]
[EventDate "2010.??.??"]
[WhiteTeam "Bad Mergentheim"]
[BlackTeam "De Pion"]

1. e4 c6 2. d4 d5 3. Nc3 dxe4 4. Nxe4 Nf6 5. Nxf6+ gxf6 6. c3 Bf5 7. Nf3 e6 8.
g3 Nd7 9. Bg2 Nb6 10. O-O Bg7 11. b3 O-O 12. c4 Bg6 13. Be3 Qc7 14. Qd2 Rfd8
15. Rad1 a5 16. Qc3 c5 17. dxc5 Nd7 18. Nd4 Nxc5 19. Nb5 Qe7 20. Rxd8+ Rxd8 21.
Qxa5 Nd3 22. Bxb7 h5 23. Bg2 Kh7 24. Nd4 Qd6 25. c5 Qf8 26. c6 Ra8 27. Qd2 Nb4
28. c7 1-0

[Event "26.ChessOrg Schachfestival"]
[Site "Bad Wörishofen"]
[Date "2010.03.06"]
[Round "1.11"]
[White "Bauder, Herbert"]
[Black "Farago, Ivan"]
[Result "0-1"]
[WhiteElo "2014"]
[BlackElo "2476"]
[PlyCount "56"]
[EventDate "2010.??.??"]
[WhiteTeam "SG Lasker Steglitz-Wilmersdorf"]
[BlackTeam "Budapest"]

1. d4 Nf6 2. Nf3 e6 3. c4 b6 4. a3 Ba6 5. Nc3 Bxc4 6. Qc2 Be7 7. g3 O-O 8. Bg2
d5 9. Ne5 Ba6 10. O-O c5 11. dxc5 bxc5 12. Na4 Qc7 13. Nd3 Nbd7 14. Be3 Rac8
15. Rfc1 Ng4 16. Bd2 c4 17. h3 Ngf6 18. Nb4 Bb7 19. e3 a5 20. Nd3 d4 21. Ne1
Bxg2 22. Nxg2 e5 23. exd4 exd4 24. Ne1 Bd6 25. Nf3 Bxg3 26. Nxd4 Bxf2+ 27. Kxf2
Qh2+ 28. Kf1 Qxh3+ 0-1

[Event "26.ChessOrg Schachfestival"]
[Site "Bad Wörishofen"]
[Date "2010.03.06"]
[Round "1.12"]
[White "Gutman, Lev"]
[Black "Ries, Berthold"]
[Result "1-0"]
[WhiteElo "2454"]
[BlackElo "2009"]
[PlyCount "59"]
[EventDate "2010.??.??"]
[WhiteTeam "SC Melle 03"]
[BlackTeam "SU Ebersberg-Grafing"]

1. Nf3 Nf6 2. g3 c5 3. Bg2 Nc6 4. d4 cxd4 5. Nxd4 Nxd4 6. Qxd4 d5 7. O-O e6 8.
c4 Be7 9. cxd5 exd5 10. Nc3 Be6 11. Qa4+ Bd7 12. Qb3 Bc6 13. Rd1 d4 14. Be3
Bxg2 15. Kxg2 O-O 16. Bxd4 Qc8 17. Bxf6 Bxf6 18. Nd5 Bd8 19. Rac1 Qb8 20. Rc4
b6 21. Qf3 Kh8 22. b3 Qe5 23. Ne3 Rb8 24. Rd7 a5 25. Rxf7 Bf6 26. Rxf8+ Rxf8
27. Qf5 Qb2 28. Rc8 Qa3 29. Nd5 Bd8 30. Qd7 1-0

[Event "26.ChessOrg Schachfestival"]
[Site "Bad Wörishofen"]
[Date "2010.03.06"]
[Round "1.14"]
[White "Pirrot, Dieter"]
[Black "Grundner, Alois"]
[Result "1-0"]
[WhiteElo "2414"]
[BlackElo "2006"]
[PlyCount "27"]
[EventDate "2010.??.??"]
[WhiteTeam "SV 1920 Hofheim"]
[BlackTeam "USK Uttendorf"]

1. e4 d5 2. exd5 Nf6 3. d4 Nxd5 4. Nf3 c6 5. c4 Nb6 6. Nc3 Bg4 7. c5 Nd5 8. Qb3
Bc8 9. Nxd5 cxd5 10. Bb5+ Nc6 11. Ne5 Qc7 12. Bf4 g5 13. Bg3 Bd7 14. Nxc6 1-0

[Event "26.ChessOrg Schachfestival"]
[Site "Bad Wörishofen"]
[Date "2010.03.06"]
[Round "1.15"]
[White "Walter, Mario"]
[Black "Arnaudov, Petar"]
[Result "0-1"]
[WhiteElo "2006"]
[BlackElo "2404"]
[PlyCount "54"]
[EventDate "2010.??.??"]
[WhiteTeam "SC Pasing von 1948 e.V."]

1. f4 c5 2. b3 d5 3. e3 Nf6 4. Bb5+ Bd7 5. Bxd7+ Nbxd7 6. Bb2 g6 7. Nf3 Bg7 8.
O-O O-O 9. d3 Qb6 10. Qe1 Rfe8 11. h3 d4 12. e4 e5 13. fxe5 Nxe5 14. Nxe5 Rxe5
15. Nd2 Re7 16. Qh4 Rae8 17. a4 Nh5 18. Nc4 Qe6 19. g4 Nf6 20. Bc1 Nxe4 21. Re1
Qf6 22. g5 Nxg5 23. Rxe7 Nf3+ 24. Kh1 Nxh4 25. Rxe8+ Bf8 26. Ne5 Qf1+ 27. Kh2
Qg2# 0-1

[Event "26.ChessOrg Schachfestival"]
[Site "Bad Wörishofen"]
[Date "2010.03.06"]
[Round "1.17"]
[White "Köpke, Christian"]
[Black "Mosblech, Michael"]
[Result "1-0"]
[WhiteElo "2370"]
[BlackElo "2003"]
[PlyCount "33"]
[EventDate "2010.??.??"]
[WhiteTeam "SK Tarrasch 1945 München"]
[BlackTeam "Schachklub Sülz-Klettenberg"]

1. e4 e6 2. b3 d5 3. Bb2 dxe4 4. Nc3 Nf6 5. Qe2 b6 6. Nxe4 Bb7 7. Nxf6+ gxf6 8.
O-O-O Nd7 9. Nf3 Rg8 10. g3 Bd6 11. Bg2 Qe7 12. Kb1 a5 13. a4 f5 14. Rhe1 Ba6
15. Qe3 f4 16. Qe4 O-O-O 17. Nd4 1-0

[Event "26.ChessOrg Schachfestival"]
[Site "Bad Wörishofen"]
[Date "2010.03.06"]
[Round "1.18"]
[White "Buchäckert, Jürgen"]
[Black "Bücker, Stefan"]
[Result "0-1"]
[WhiteElo "1994"]
[BlackElo "2355"]
[PlyCount "110"]
[EventDate "2010.??.??"]
[WhiteTeam "SK 1912 Ludwigshafen"]

1. e4 Nf6 2. e5 Nd5 3. c4 Nb6 4. c5 Nd5 5. Bc4 c6 6. d4 b6 7. cxb6 Nxb6 8. Bd3
g6 9. Nf3 Bg7 10. O-O Na6 11. Nc3 O-O 12. Bg5 h6 13. Be3 Nb4 14. Be2 Kh7 15.
Qb3 a5 16. a3 N4d5 17. Nxd5 Nxd5 18. Nd2 a4 19. Qc2 Qa5 20. h4 Ba6 21. Bxa6
Qxa6 22. Ne4 Qa7 23. h5 Rfc8 24. hxg6+ fxg6 25. Qd2 Rcb8 26. Rab1 Rb3 27. Nc5
Rb5 28. f4 e6 29. Rf3 Rf8 30. g4 Rxc5 31. dxc5 Bxe5 32. Rbf1 Bf6 33. g5 Be7 34.
Kg2 h5 35. Qd4 Rf5 36. Bg1 Qa6 37. Be3 Bf8 38. Qd2 Qc4 39. Rc1 Qe4 40. Re1 Qc4
41. Rc1 Qb5 42. Bd4 Be7 43. Rc2 Qb8 44. Be3 Kg8 45. Kh3 e5 46. Rc4 Bxg5 47.
Rxa4 exf4 48. Bg1 Qe8 49. Rd4 Qe6 50. Kh2 Re5 51. Qg2 Kh7 52. Rd2 Bh6 53. Bd4
Re4 54. Qh3 Qf7 55. Qh4 g5 0-1

[Event "26.ChessOrg Schachfestival"]
[Site "Bad Wörishofen"]
[Date "2010.03.06"]
[Round "1.19"]
[White "Welling, Gerard"]
[Black "Dierich, Jochen"]
[Result "1-0"]
[WhiteElo "2344"]
[BlackElo "1988"]
[PlyCount "63"]
[EventDate "2010.??.??"]
[WhiteTeam "HMC den Bosch"]
[BlackTeam "SF Bad Grönenbach"]

1. e4 g6 2. f4 Bg7 3. Nf3 d6 4. Nc3 c6 5. Be2 Bg4 6. O-O Qb6+ 7. Kh1 Nd7 8. d3
Bxf3 9. Bxf3 e6 10. Qe1 O-O-O 11. a4 a6 12. Rb1 Ne7 13. b4 Qc7 14. Bd2 b5 15.
Rb3 Nb8 16. axb5 cxb5 17. e5 d5 18. Ne2 Nec6 19. Be3 Bf8 20. c3 Be7 21. Qf2 Qb7
22. Rc1 Rd7 23. Rbb1 Kd8 24. c4 Nxb4 25. cxd5 Nxd5 26. Nc3 Ke8 27. Nxd5 exd5
28. Bg4 Rc7 29. Rxc7 Qxc7 30. Rc1 Qb7 31. Rc8+ Bd8 32. Qc2 1-0

[Event "26.ChessOrg Schachfestival"]
[Site "Bad Wörishofen"]
[Date "2010.03.06"]
[Round "1.20"]
[White "Machowitsch, Wolf"]
[Black "Stewart, Neil"]
[Result "0-1"]
[WhiteElo "1987"]
[BlackElo "2327"]
[PlyCount "132"]
[EventDate "2010.??.??"]
[WhiteTeam "SV 1934 Ffm-Griesheim"]
[BlackTeam "SV Koblenz"]

1. d4 d5 2. c4 e6 3. Nc3 c5 4. Nf3 Nc6 5. cxd5 exd5 6. Bg5 Be7 7. Bxe7 Ngxe7 8.
e3 c4 9. Be2 O-O 10. O-O Rb8 11. a4 Qb6 12. b3 cxb3 13. Rb1 Na5 14. Bd3 Be6 15.
Ne5 Rbc8 16. Ne2 f6 17. Nf3 Bf5 18. Nf4 Rfd8 19. Rb2 Rc3 20. Bxf5 Nxf5 21. Nd2
Ne7 22. Ne2 Rc7 23. Nxb3 Nc4 24. Ra2 Qd6 25. Nf4 Ng6 26. Nxg6 hxg6 27. Nc5 b6
28. Nd3 g5 29. h4 gxh4 30. Qg4 Qd7 31. Qxh4 Qf5 32. Nf4 g5 33. Qg3 Rcc8 34. Nh5
Kf7 35. Qf3 Qxf3 36. gxf3 f5 37. Ng3 Kg6 38. Re1 Rc7 39. Ne2 Rh7 40. Kg2 Rdh8
41. Rg1 Kf6 42. Kf1 Rc8 43. Kg2 Rch8 44. Kf1 Rc7 45. Kg2 a6 46. Rh1 Rxh1 47.
Kxh1 Nd6 48. Kg2 Rc6 49. Kf1 b5 50. axb5 axb5 51. Ke1 b4 52. Rb2 Rc4 53. Kd1
Ke6 54. Nc1 f4 55. Nd3 fxe3 56. fxe3 Rc3 57. Ke2 Nc4 58. Rxb4 Rc2+ 59. Ke1 Nxe3
60. Nc5+ Kf5 61. Rb3 Kf4 62. Ne6+ Kxf3 63. Nxg5+ Kf4 64. Ne6+ Ke4 65. Ra3 Rg2
66. Ra4 Kf3 0-1

[Event "26.ChessOrg Schachfestival"]
[Site "Bad Wörishofen"]
[Date "2010.03.06"]
[Round "1.22"]
[White "Egel, Amos"]
[Black "Peschlow, Patrick"]
[Result "0-1"]
[WhiteElo "1984"]
[BlackElo "2307"]
[PlyCount "48"]
[EventDate "2010.??.??"]
[WhiteTeam "SF Heidelberg"]
[BlackTeam "Schachgemeinschaft Porz e.V."]

1. d4 Nf6 2. c4 g6 3. Nc3 d5 4. Nf3 Bg7 5. Bg5 Ne4 6. Bh4 Nxc3 7. bxc3 dxc4 8.
Qa4+ Qd7 9. Qxc4 b6 10. e3 Ba6 11. Qb3 Bxf1 12. Kxf1 Nc6 13. Ke2 O-O 14. Rhd1
Rfe8 15. Kf1 Na5 16. Qb4 Qd5 17. Nd2 Rac8 18. Rab1 Qxa2 19. Bxe7 c5 20. Bxc5
bxc5 21. Qb5 Nc6 22. Ra1 Qc2 23. Nc4 Red8 24. Rd2 Qxc3 0-1

[Event "26.ChessOrg Schachfestival"]
[Site "Bad Wörishofen"]
[Date "2010.03.06"]
[Round "1.23"]
[White "De Santis, Alessio"]
[Black "Strasser, Josef"]
[Result "1-0"]
[WhiteElo "2305"]
[BlackElo "1982"]
[PlyCount "67"]
[EventDate "2010.??.??"]
[BlackTeam "Schach-Union München e.V."]

1. d4 Nf6 2. c4 e6 3. Nc3 Bb4 4. f3 d5 5. a3 Bxc3+ 6. bxc3 b6 7. cxd5 exd5 8.
e3 O-O 9. Bd3 Bb7 10. Ne2 Re8 11. O-O c5 12. dxc5 bxc5 13. c4 dxc4 14. Bxc4
Qxd1 15. Rxd1 Ba6 16. Bxa6 Nxa6 17. e4 Red8 18. Be3 Kf8 19. Rdc1 Nd7 20. Rc4
Rdc8 21. Rac1 Rab8 22. Ra4 Rb6 23. Ra5 Rbc6 24. Kf1 Rb8 25. Bf4 Rb2 26. Nd4
Rcb6 27. Nf5 g6 28. Nd6 Rc6 29. Nc4 Rb7 30. Ra4 Rb5 31. Rd1 Rb7 32. Na5 Nb6 33.
Nxc6 Nxa4 34. Bh6+ 1-0

[Event "26.ChessOrg Schachfestival"]
[Site "Bad Wörishofen"]
[Date "2010.03.06"]
[Round "1.24"]
[White "Willin, Bernhard"]
[Black "Meier, Volker"]
[Result "0-1"]
[WhiteElo "1982"]
[BlackElo "2304"]
[PlyCount "104"]
[EventDate "2010.??.??"]
[WhiteTeam "Grenzach"]
[BlackTeam "SC Tarrasch 45 München"]

1. d4 Nf6 2. Nf3 g6 3. e3 Bg7 4. Be2 O-O 5. O-O d6 6. b3 b6 7. Bb2 Bb7 8. c4
Nbd7 9. Nc3 e5 10. Qc2 Qe7 11. Rad1 c5 12. dxe5 dxe5 13. e4 Nh5 14. Nd5 Bxd5
15. cxd5 Nf4 16. Bc4 Qd6 17. g3 Nh5 18. Nh4 Kh8 19. Bc1 Rae8 20. Rfe1 h6 21.
Bf1 Re7 22. Bh3 Nhf6 23. Ng2 Ne8 24. Ne3 b5 25. Ba3 Nef6 26. Bg2 Rc8 27. Re2
Ree8 28. Qb1 Kh7 29. Rc2 Bf8 30. Rdc1 h5 31. Rd1 Red8 32. h3 Re8 33. Bb2 Bh6
34. Bc1 Rh8 35. Bd2 h4 36. g4 Bf4 37. Bf3 Kg7 38. Qc1 Nh7 39. Nf1 Ng5 40. Kg2
f5 41. exf5 Nxf3 42. Kxf3 gxf5 43. Bxf4 fxg4+ 44. hxg4 Rcf8 45. Ne3 Rxf4+ 46.
Kg2 Qg6 47. Kh1 Qe4+ 48. Kh2 Rhf8 49. Rdd2 Nf6 50. Rxc5 Nxg4+ 51. Nxg4 Rxg4 52.
Rc7+ Kg8 0-1

[Event "26.ChessOrg Schachfestival"]
[Site "Bad Wörishofen"]
[Date "2010.03.06"]
[Round "1.25"]
[White "Friedrich, Norbert"]
[Black "Urban, Rudolf"]
[Result "1-0"]
[WhiteElo "2299"]
[BlackElo "1979"]
[PlyCount "83"]
[EventDate "2010.??.??"]
[WhiteTeam "SGEM Waldshut-Tiengen"]
[BlackTeam "SC Roter Turm Altstadt"]

1. e4 c6 2. d4 d5 3. Nc3 dxe4 4. Nxe4 Nd7 5. Nf3 Ngf6 6. Nxf6+ exf6 7. Bd3 Bd6
8. O-O O-O 9. c4 Bc7 10. Qc2 h6 11. Be3 Nb6 12. Rfe1 Bg4 13. Nh4 Qd6 14. g3 Qd7
15. b3 Rae8 16. Bf5 Bxf5 17. Nxf5 Nc8 18. Rad1 Nd6 19. Nxd6 Bxd6 20. d5 c5 21.
Qd2 Re4 22. f3 Re7 23. Bf2 Re5 24. f4 Ree8 25. Rxe8 Rxe8 26. Re1 Rxe1+ 27. Qxe1
Kf8 28. Qe4 f5 29. Qe2 g6 30. Be1 f6 31. Bc3 Kf7 32. Kf2 h5 33. a3 h4 34. Ke1
hxg3 35. hxg3 Qe7 36. Qxe7+ Kxe7 37. Ke2 g5 38. Bd2 gxf4 39. Bxf4 Kd7 40. Bxd6
Kxd6 41. Kf3 Ke5 42. Ke3 1-0

[Event "26.ChessOrg Schachfestival"]
[Site "Bad Wörishofen"]
[Date "2010.03.06"]
[Round "1.26"]
[White "Lecheler, Rudolf"]
[Black "Szablowski, Pawel"]
[Result "0-1"]
[WhiteElo "1977"]
[BlackElo "2298"]
[PlyCount "64"]
[EventDate "2010.??.??"]
[WhiteTeam "SK Obergünzburg"]

1. Nf3 Nf6 2. c4 c5 3. Nc3 Nc6 4. g3 d5 5. cxd5 Nxd5 6. Bg2 Nc7 7. O-O e5 8. d3
Be7 9. b3 O-O 10. Bb2 Be6 11. Rc1 f6 12. Qd2 Qd7 13. Rfd1 Rad8 14. Na4 b6 15.
Nc3 Kh8 16. Qe1 f5 17. e3 Bf6 18. Ne2 Rfe8 19. d4 exd4 20. exd4 Bd5 21. Ne5
Nxe5 22. dxe5 Bxe5 23. Bxd5 Nxd5 24. Bxe5 Rxe5 25. f4 Ree8 26. Rd2 Qc6 27. Qf2
Nf6 28. Rxd8 Rxd8 29. Nc3 Ng4 30. Qe2 Re8 31. Qf1 Qf6 32. Nb5 Qb2 0-1

[Event "26.ChessOrg Schachfestival"]
[Site "Bad Wörishofen"]
[Date "2010.03.06"]
[Round "1.27"]
[White "Vandrey, Wolfgang"]
[Black "Haugg, Gerhard"]
[Result "1-0"]
[WhiteElo "2295"]
[BlackElo "1975"]
[PlyCount "47"]
[EventDate "2010.??.??"]
[WhiteTeam "SK Johanneum Eppendorf"]

1. d4 e6 2. g3 d5 3. c4 c6 4. Nf3 dxc4 5. Bg2 b5 6. O-O Nf6 7. Ne5 Bb7 8. a4
Qc7 9. b3 cxb3 10. Qxb3 a6 11. Bf4 Nd5 12. Bxd5 exd5 13. Ng6 Bd6 14. Qe3+ Kd8
15. Nxh8 Bxf4 16. gxf4 Qe7 17. Na3 Nd7 18. axb5 cxb5 19. Rac1 Qe8 20. Qc3 Rc8
21. Qa5+ Ke7 22. Rxc8 Bxc8 23. Qc7 Qd8 24. Rc1 1-0

[Event "26.ChessOrg Schachfestival"]
[Site "Bad Wörishofen"]
[Date "2010.03.06"]
[Round "1.28"]
[White "Duckstein, Torsten"]
[Black "Safyanowsky, Mark"]
[Result "0-1"]
[WhiteElo "1973"]
[BlackElo "2292"]
[PlyCount "104"]
[EventDate "2010.??.??"]
[WhiteTeam "SF Bremer Osten Bürgerhaus Mahnd"]
[BlackTeam "SC Dillingen"]

1. d4 g6 2. Nf3 Bg7 3. g3 c5 4. c3 Qc7 5. Bg2 Nf6 6. O-O O-O 7. h3 d6 8. dxc5
Qxc5 9. Qd4 Qh5 10. Qh4 Qxh4 11. Nxh4 Nc6 12. Bg5 h6 13. Bxf6 Bxf6 14. Nf3 Rb8
15. Nbd2 Bd7 16. e3 Rfc8 17. Nd4 Nxd4 18. exd4 b5 19. a3 a5 20. Ne4 Bg7 21.
Rfe1 Kf8 22. g4 Rc7 23. Ng3 b4 24. axb4 axb4 25. Ne2 Bb5 26. d5 bxc3 27. bxc3
Rxc3 28. Reb1 Rcc8 29. Ra2 Bc4 30. Rxb8 Rxb8 31. Rc2 Bd3 32. Ra2 Rb1+ 33. Kh2
Bf6 34. Bf3 Kg7 35. Kg2 Rb2 36. Rxb2 Bxb2 37. Nf4 Bc4 38. Be4 Kf6 39. Nd3 Bc3
40. f4 e6 41. dxe6 fxe6 42. Nc1 Bd2 43. Nd3 Bxd3 44. Bxd3 Bxf4 45. Kf3 g5 46.
Ke2 Ke5 47. Bb5 Kd4 48. Bd7 e5 49. Bf5 e4 50. Bc8 d5 51. Bb7 Bc7 52. Ba8 Ke5
0-1

[Event "26.ChessOrg Schachfestival"]
[Site "Bad Wörishofen"]
[Date "2010.03.06"]
[Round "1.29"]
[White "de Francesco, Klaus"]
[Black "Mittelbachert, Ulrich"]
[Result "1-0"]
[WhiteElo "2283"]
[BlackElo "1971"]
[PlyCount "67"]
[EventDate "2010.??.??"]
[WhiteTeam "SK Weilheim"]
[BlackTeam "Schachverein Castrop-Rauxel 1923"]

1. d4 d6 2. c4 e5 3. Nf3 e4 4. Ng1 f5 5. Nc3 Nf6 6. Bg5 c6 7. e3 Be7 8. Nge2
Na6 9. Nf4 Nc7 10. Qb3 O-O 11. h4 Rb8 12. g3 Ne6 13. c5 d5 14. Nxe6 Bxe6 15.
Bf4 Ng4 16. Be2 b6 17. Bxb8 Qxb8 18. cxb6 Nxe3 19. fxe3 Qxg3+ 20. Kd2 f4 21.
exf4 Qf2 22. Rad1 axb6 23. Qxb6 Qxf4+ 24. Kc2 Qd6 25. a3 Rb8 26. Qa7 Qd8 27.
Rhg1 Ra8 28. Qb7 Rb8 29. Qxc6 Rb6 30. Qa4 Bd7 31. Qa7 Bc6 32. Bg4 Rb7 33. Qa6
Rb6 34. Qc8 1-0

[Event "26.ChessOrg Schachfestival"]
[Site "Bad Wörishofen"]
[Date "2010.03.06"]
[Round "1.30"]
[White "Straub, Hermann"]
[Black "Löw, Gerald"]
[Result "0-1"]
[WhiteElo "1971"]
[BlackElo "2282"]
[PlyCount "92"]
[EventDate "2010.??.??"]
[WhiteTeam "SK Frankenthal"]
[BlackTeam "TSV Bindlach Aktionär-Schachabte"]

1. b3 e5 2. Bb2 Nc6 3. e3 Nf6 4. Bb5 Bd6 5. Na3 Na5 6. Nc4 Nxc4 7. Bxc4 O-O 8.
Nf3 e4 9. Ng5 Be7 10. Nh3 d5 11. Be2 Bxh3 12. gxh3 Bd6 13. Bf1 Qe7 14. f4 exf3
15. Qxf3 Be5 16. Bxe5 Qxe5 17. c3 a5 18. Bd3 c5 19. Qg3 Rfe8 20. O-O Ne4 21.
Bxe4 dxe4 22. Rf4 Ra6 23. Kh1 Rd6 24. Qg2 f5 25. Raf1 Rf8 26. h4 b6 27. h3 h5
28. Qe2 g6 29. Rg1 Kh7 30. Qe1 Rfd8 31. Rg2 R8d7 32. Qg3 Qf6 33. Rff2 b5 34.
Re2 b4 35. cxb4 axb4 36. Qe1 Ra7 37. Qc1 Rc6 38. Qc4 Rxa2 39. Qd5 Ra1+ 40. Rg1
Rxg1+ 41. Kxg1 Qe6 42. Qd8 Qd6 43. Qg5 c4 44. bxc4 b3 45. Re1 Rc7 46. Ra1 b2
0-1

[Event "Bad-Woerishofen sen."]
[Site "?"]
[Date "2010.03.06"]
[Round "1"]
[White "Neese, Hans-Joachim"]
[Black "Hansch, Klaus-Michael"]
[Result "1-0"]
[WhiteElo "2246"]
[BlackElo "1942"]
[PlyCount "69"]
[EventDate "2010.03.07"]
[SourceDate "2010.03.07"]

1. d4 Nf6 2. c4 c5 3. d5 b5 4. cxb5 a6 5. bxa6 Bxa6 6. Nc3 d6 7. g3 g6 8. Bg2
Bg7 9. Nf3 O-O 10. O-O Nbd7 11. Re1 Ng4 12. Qc2 Nde5 13. b3 Qa5 14. Bb2 c4 15.
Nd4 Rfe8 16. Nc6 Nxc6 17. dxc6 Ne5 18. Nd5 Nxc6 19. Bxg7 Kxg7 20. Qb2+ c3 21.
Nxc3 Rac8 22. Nd5+ Kg8 23. b4 Qd8 24. b5 Bxb5 25. Qxb5 Nd4 26. Qa6 Nc2 27. Rec1
Ra8 28. Qxa8 Qxa8 29. Nxe7+ Rxe7 30. Bxa8 Nxa1 31. Bf3 Ra7 32. Rxa1 Kf8 33. a4
Ra5 34. Bc6 Ke7 35. Rb1 1-0

[Event "Bad-Woerishofen sen."]
[Site "?"]
[Date "2010.03.07"]
[Round "1.2"]
[White "Reichwald, Klaus-Dieter"]
[Black "Goy, Udo"]
[Result "0-1"]
[WhiteElo "1941"]
[BlackElo "2238"]
[PlyCount "82"]
[EventDate "2010.03.07"]
[SourceDate "2010.03.07"]

1. e4 c6 2. d4 g6 3. Nf3 Bg7 4. Be3 d5 5. e5 Nh6 6. Bd3 Nf5 7. O-O Nxe3 8. fxe3
O-O 9. Nbd2 e6 10. c4 Nd7 11. Qe2 Qe7 12. a3 f6 13. exf6 Bxf6 14. e4 b6 15.
cxd5 exd5 16. e5 Bg7 17. b4 a5 18. bxa5 Rxa5 19. a4 c5 20. Bb5 cxd4 21. Nxd4
Nxe5 22. Rxf8+ Qxf8 23. Rf1 Qd6 24. N2b3 Ra8 25. h3 Bd7 26. Kh1 Re8 27. Qd1 h6
28. Bxd7 Qxd7 29. Nb5 Nc4 30. Qd3 Re3 31. Qc2 Re4 32. Qf2 Ne3 33. Rc1 Nc4 34.
Rf1 Kh7 35. Rd1 Qe7 36. N3d4 Ne3 37. Rc1 Rxd4 38. Nxd4 Bxd4 39. Qg3 Bc5 40. Qf3
Kg7 41. Qe2 Qe5 0-1

[Event "Bad-Woerishofen open"]
[Site "?"]
[Date "2010.03.07"]
[Round "2.2"]
[White "Burmakin, Vladimir"]
[Black "Tennstedt, Andreas Dr"]
[Result "1-0"]
[WhiteElo "2604"]
[BlackElo "2199"]
[PlyCount "65"]
[EventDate "2010.??.??"]

1. d4 d5 2. Nf3 Nf6 3. Bf4 c6 4. e3 Bf5 5. Bd3 Bxd3 6. Qxd3 e6 7. O-O Be7 8. c4
O-O 9. Nc3 Nbd7 10. h3 dxc4 11. Qxc4 Nb6 12. Qb3 Nfd5 13. Be5 Nxc3 14. bxc3 Bd6
15. Rfb1 Bxe5 16. Nxe5 Qc7 17. Qb4 Rfb8 18. c4 Nc8 19. a4 b6 20. Nd3 Qe7 21.
Rb3 f6 22. Rab1 Kf7 23. a5 Qc7 24. Qe1 Ne7 25. Qd2 Nc8 26. Qb2 Qd8 27. Nb4 Qe8
28. Qc2 bxa5 29. Na6 Rxb3 30. Rxb3 Qe7 31. c5 Nb6 32. cxb6 axb6 33. Rxb6 1-0